C02_ヒトのタンパク質を構成するアミノ酸の略号と名称 - Statistics

General Stats
  • This quiz has been taken 4 times
  • The average score is 26 of 40
Answer Stats
1文字略号 % Correct
A アラニン
100%
F フェニルアラニン
100%
I イソロイシン
100%
L ロイシン
100%
M メチオニン
100%
V バリン
100%
E グルタミン酸
75%
G グリシン
75%
H ヒスチジン
75%
P プロリン
75%
Q グルタミン
75%
T トレオニン
75%
Y チロシン
75%
A Ala
75%
E Glu
75%
H His
75%
M Met
75%
F Phe
75%
P Pro
75%
T Thr
75%
V Val
75%
C システイン
50%
D アスパラギン酸
50%
K リシン
50%
N アスパラギン
50%
R アルギニン
50%
S セリン
50%
R Arg
50%
N Asn
50%
D Asp
50%
C Cys
50%
Q Gln
50%
G Gly
50%
I Ile
50%
L Leu
50%
K Lys
50%
S Ser
50%
Y Tyr
50%
W トリプトファン
25%
W Trp
25%
No matching quizzes found
Score Distribution
Percent of People with Each Score
Percentile by Number Answered
Your Score History
You have not taken this quiz